<?xml version="1.0" encoding="UTF-8"?>
<record
    xmlns:xsi="http://www.w3.org/2001/XMLSchema-instance"
    xsi:schemaLocation="http://www.loc.gov/MARC21/slim http://www.loc.gov/standards/marcxml/schema/MARC21slim.xsd"
    xmlns="http://www.loc.gov/MARC21/slim">

  <leader>00195nam a2200085   4500</leader>
  <controlfield tag="001">1244617</controlfield>
  <controlfield tag="005">20251022150308.0</controlfield>
  <datafield tag="245" ind1=" " ind2=" ">
    <subfield code="a">SIR&#xC7;A K&#xD6;&#x15E;K</subfield>
    <subfield code="c">SABAHATT&#x130;N AL&#x130;</subfield>
  </datafield>
  <datafield tag="260" ind1=" " ind2=" ">
    <subfield code="b">T&#xDC;RK&#x130;YE &#x130;&#x15E; BANKASI</subfield>
  </datafield>
  <datafield tag="999" ind1=" " ind2=" ">
    <subfield code="c">1244617</subfield>
    <subfield code="d">1244617</subfield>
  </datafield>
  <datafield tag="952" ind1=" " ind2=" ">
    <subfield code="0">0</subfield>
    <subfield code="1">0</subfield>
    <subfield code="2">ddc</subfield>
    <subfield code="4">0</subfield>
    <subfield code="7">0</subfield>
    <subfield code="a">1020</subfield>
    <subfield code="b">1020</subfield>
    <subfield code="d">2025-10-22</subfield>
    <subfield code="l">0</subfield>
    <subfield code="o">X6</subfield>
    <subfield code="p">10204647</subfield>
    <subfield code="r">2025-10-22 15:04:10</subfield>
    <subfield code="w">2025-10-22</subfield>
    <subfield code="y">BK</subfield>
  </datafield>
</record>
